000 01537cam a22004694i 4500
003 PE-LiUPU
005 20250731173237.0
008 150625s r 000 0 d
020 _a843010920x
035 _a(Sirsi) i843010920
040 _aPE-LiUPU
_bspa
_cPE-LiUPU
_erda
049 _aPRUA
082 0 4 _a230.25
_bBUL
_221
100 1 _aBecker, Rudolf,
_eautor.
245 1 0 _aExposición de la Fe Cristiana :
_bCatecismo Católico para el estudio personal y la enseñanza /
_cRudolf Becker.
264 1 _aSalamanca :
_bSígueme,
_c1984.
300 _a318 páginas ;
_c19 cm.
336 _atext
_2rdacontent
337 _aunmediated
_2rdamedia
338 _avolume
_2rdacarrier
490 0 _aBiblia y Catequesis ;
_v1
505 0 _aEl Padrenuestro. -El Credo. -La iglesia y los sacramentos. -El mandamiento principal.
526 _aSEG42
526 _aSEG41
526 _aSEG40
526 _aSEG39
526 _aP94
526 _aP87
526 _aP86
526 _aP85
526 _aP77
526 _aP76
526 _aP35
650 0 4 _aFe.
_93098
910 _bjv
_cng
942 _2ddc
_cBOOK
949 _a230.25 BC 1
_wDEWEY
_c1
_i37201
_lCCODEBUL1
_mBUL
_r0
_sY
_tBOOK
_u2015-6-25
_xBIBLIOTECA
_zUNKNOWN
_0COMPRA
_o.STAFF. Colección General
994 _aC0
_bPEPRU
596 _a1
999 _a230.25 BC 1
_wDEWEY
_c43004
_i37201
_d43004
_f2021-11-9
_g5
_lCCODEBUL1
_mBUL
_q1
_r0
_sY
_tBOOK
_u2015-6-25
_xTEOLOGIA
_zUNKNOWN
_0COMPRA
_o.STAFF. Colección General
980 _81
_gALBERTO SANCHEZ Responsable de Automatización